Statistiques concernant Villes de Franche-Comté

Cliquez ici pour prendre le quiz!

Statistiques générales

  • Ce quiz a été pris 48 fois
    (30 depuis la dernière actualisation)
  • Le résultat moyen est 13 sur 25

Statistiques - réponses

VilleNombre d'HabitantsDépartement% Correct
Besançon119 19825
100%
Belfort45 15590
88%
Dole23 77539
88%
Lons-le-Saunier17 04339
88%
Montbéliard25 57325
88%
Pontarlier17 84925
88%
Vesoul15 13070
88%
Saint-Claude8 72739
69%
Gray5 54170
65%
Audincourt13 94425
62%
Lure7 91870
62%
Héricourt10 47870
58%
Morteau6 86725
58%
Champagnole8 00039
54%
Valentigney10 76525
50%
Luxeuil-les-bains6 65970
46%
Delle5 68090
38%
Valdahon5 72425
35%
Seloncourt5 78425
19%
Valdoie5 23690
19%
Hauts de Bienne5 16739
15%
Beaucourt5 00590
12%
Bethoncourt5 30825
12%
Villers-le-Lac5 22825
12%
Grand Charmont5 85725
8%

Distribution des résultats

Percentile par nombre de réponses

% des personnes avec chaque résultat

Votre développement - résultats

Vous n’avez pas pris ce quiz depuis la dernière actualisation